ロード中...
Awaz ke ped
| 第一著者: | |
|---|---|
| フォーマット: | Printed Book |
| 出版事項: |
Haryana
Tarika Prakashan
1996
|
| 主題: |
| LEADER | 00571nam a22001931a 4500 | ||
|---|---|---|---|
| 020 | |c 0.00 | ||
| 040 | |a SSUS - Library - Kalady | ||
| 082 | |a H1 |b SHI/A | ||
| 100 | |a Shishu Rashmi | ||
| 245 | |a Awaz ke ped |h [Text] | ||
| 260 | |a Haryana |b Tarika Prakashan |c 1996 | ||
| 300 | |a 76p. | ||
| 600 | |a Literature Hindi | ||
| 600 | |a Literature | ||
| 600 | |a Poetry Hindi | ||
| 852 | |h H1 |i SHI/A |p 047514 |9 65.00 |t 0 | ||
| 942 | |c BK | ||
| 999 | |c 3774 |d 3774 | ||
| 952 | |0 0 |1 0 |4 0 |6 H_1_000000000000000_SHI_A |7 0 |9 5811 |a SSUS |b SSUS |d 2015-01-08 |g 65.00 |o H1 SHI/A |p 047514 |r 2015-01-08 |v 0.00 |w 2015-01-08 |y BK | ||